Loading...

Madhyakaleen Bharat : prashasan, samaj evam samskrithi

Bibliographic Details
Main Author: Neeraj Shrivasatava
Other Authors: Lalitha Joshi
Format: Printed Book
Published: New Delhi Orient Blackswan 2010
Edition:2
Subjects:
LEADER 00666nam a22002051a 4500
020 |a 9788125040675  |c 0.00 
040 |a SSUS - Library - Kalady 
082 |a H 954  |b NEE/M 
100 |a Neeraj Shrivasatava 
245 |a Madhyakaleen Bharat : prashasan, samaj evam samskrithi  |h [Text] 
250 |a 2 
260 |a New Delhi  |b Orient Blackswan  |c 2010 
300 |a 319p. 
600 |a History 
600 |a History India 
700 |a Lalitha Joshi 
852 |h H 954  |i NEE/M  |p 067776  |9 225.00  |t 0 
942 |c BK 
999 |c 26421  |d 26421 
952 |0 0  |1 0  |4 0  |6 H_954_000000000000000_NEE_M  |7 0  |9 37980  |a SSUS  |b SSUS  |d 2015-01-08  |g 225.00  |o H 954 NEE/M  |p 067776  |r 2015-01-08  |v 0.00  |w 2015-01-08  |y BK